000 01652nam a2200385 c 4500
001 53883
003 ES-MaCES
005 20251218112248.0
007 cr |||||||||||
008 250925s2025 sp l o000 | spa d
040 _aES-MaCES
_bspa
_cES-MaCES
110 2 _92408
_aConsejo Económico y Social (España)
245 1 0 _aDictamen 7-2025 sobre el Proyecto de Real Decreto por el que se crea la Unidad Técnica de Apoyo y Coordinación prevista en la Ley 11/2023, de 8 de mayo, de trasposición de directivas de la UE en varias materias (…), y por la que se modifica la Ley 12/2011, de 27 de mayo (…) y se regulan sus funciones
_b: Sesión ordinaria del Pleno de 24 de septiembre de 2025
_cConsejo Económico y Social
250 _a1ª ed
260 _aMadrid
_bConsejo Económico y Social
_c2025
300 _a8 p.
_c21 cm
_e1 documento pdf (184 kb)
490 1 _aColección Dictámenes
_v7-2025
541 _cGratuito
650 4 _aorganismo gubernamental
_929508
650 4 _aorganización institucional
_927196
650 4 _adesarrollo institucional
_929802
650 4 _aasesoramiento
_929786
650 4 _amecanismo de control
_929918
650 4 _aDirectiva de la CE
_929873
650 4 _aderecho comunitario
_929866
650 4 _aarmonización
_929884
650 4 _aEspaña
_926964
650 4 _arégimen jurídico
_929894
650 4 _adictamen
_930802
653 _aDerecho comunitario
830 0 _932521
_aColección Dictámenes (Consejo Económico y Social (España))
_v7-2025
856 4 _uhttp://www.ces.es/documents/DIC/2025/07
_ytexto completo
902 _aLIB Libro
942 _2CES
_cBK
_h6.0.5.
999 _c53883
_d53883